000 00599nam a22001937a 4500
020 _a9789697834648
040 _c0
082 _2720.95491
_bCHR
100 1 _aMoffat,Chris
_9120736
245 3 _aThe Time of Building kamil Khan Mumtaz and Architecture in Pakistan/
_cChris Moffat with Kiran Ahmad and Amen Jaffer
260 _aLahore:
_bFolio Books;
_c2023.
300 _a197p.:
_bill;
650 _2Architecture
_zLahore
650 _2Architecture
_vLearning
_9120737
650 _2Architecture
_zBuildings
700 1 _aAhmad,Kiran
_9120738
700 1 _aJaffer,Amen
_9120739
942 _2ddc
_cBK
999 _c607864
_d607864